Comparison of five melon varieties by growth without trellis condition, ប្រៀបធៀបពូជត្រសក់ផ្អែមចំនួនប្រាំប្រភេទក្នុងលក្ខណ្ឌដាំដុះមិនប្រើទ្រើង (Record no. 7016)

000 -LEADER
fixed length control field 00654nam a22001337a 4500
040 ## - CATALOGING SOURCE
Transcribing agency RUA
082 ## - DEWEY DECIMAL CLASSIFICATION NUMBER
Classification number AGR TO 2014 B431 Or.1
100 ## - MAIN ENTRY--AUTHOR NAME
Personal name TO PITOU តូពិទូរ្យ
245 ## - TITLE STATEMENT
Title Comparison of five melon varieties by growth without trellis condition, ប្រៀបធៀបពូជត្រសក់ផ្អែមចំនួនប្រាំប្រភេទក្នុងលក្ខណ្ឌដាំដុះមិនប្រើទ្រើង
260 ## - PUBLICATION, DISTRIBUTION, ETC. (IMPRINT)
Place of publication Phnom Pemh
Name of publisher RUA
Year of publication 2014
300 ## - PHYSICAL DESCRIPTION
Number of Pages viii; 59p.
Other physical details ill.
Dimensions 29cm.
856 ## - ELECTRONIC LOCATION AND ACCESS
Uniform Resource Identifier https://drive.google.com/file/d/1nHAwQDvA6l-eXY1g3WiIZHRKXoI4f2k7/view?usp=sharing
942 ## - ADDED ENTRY ELEMENTS (KOHA)
Koha item type AGR
952 ## - LOCATION AND ITEM INFORMATION (KOHA)
Withdrawn status [LOCAL, KOHA] 0
952 ## - LOCATION AND ITEM INFORMATION (KOHA)
Withdrawn status [LOCAL, KOHA] 0
952 ## - LOCATION AND ITEM INFORMATION (KOHA)
Withdrawn status [LOCAL, KOHA] 0
952 ## - LOCATION AND ITEM INFORMATION (KOHA)
Withdrawn status [LOCAL, KOHA] 0
952 ## - LOCATION AND ITEM INFORMATION (KOHA)
Withdrawn status [LOCAL, KOHA] 0
952 ## - LOCATION AND ITEM INFORMATION (KOHA)
Withdrawn status [LOCAL, KOHA] 0
952 ## - LOCATION AND ITEM INFORMATION (KOHA)
Withdrawn status [LOCAL, KOHA] 0
952 ## - LOCATION AND ITEM INFORMATION (KOHA)
Withdrawn status [LOCAL, KOHA] 0
Holdings
Permanent Location Date acquired Koha item type Lost status Shelving location Barcode Current Location Full call number
Library Block B2016-02-24AGR B431RUA053586Library Block BAGR TO 2014 B431 Or.1
Library Block B2016-02-24AGR B431RUA053592Library Block BAGR TO 2014 B431 Or.2
Library Block B2016-02-24AGR B431RUA053646Library Block BAGR TO 2014 B431 Or.3
Library Block B2016-02-24AGR B431RUA053721Library Block BAGR TO 2014 B431 Or.4
Library Block B2016-02-24AGR B431RUA053722Library Block BAGR TO 2014 B431 Or.5
Library Block B2016-02-24AGR B431RUA052386Library Block BAGR TO 2014 B431 Or.6
Library Block B2016-02-24AGR B431RUA053651Library Block BAGR TO 2014 B431 Or.7
Library Block B2016-02-24AGR B431RUA053846Library Block BAGR TO 2014 B431 Or.8
មជ្ឈមណ្ឌលឯការនៃសាកលវិទ្យាល័យភូមិន្ទកសិកម្មចំការដូង

Powered by Koha